Catalog

Record Details

Catalog Search



Spring's miracles / written by Kaitlin B. Curtice ... Read More

Félix, Gloria,(illustrator.).

Available copies

  • 1 of 1 copy available at LARL/NWRL Consortium.

Current holds

0 current holds with 1 total copy.

Show Only Available Copies
Location Call Number / Copy Notes Barcode Shelving Location Status Due Date
Warroad Public Library e CUR (Text) 35500006850216 Main Available -

Record details

  • ISBN: 9780593577851
  • ISBN: 059357785X
  • Physical Description: 1 volume (unpaged) : color illustrations ; 23 x 29 ... Read More
  • Edition: First edition.
  • Publisher: New York : Convergent Books, [2025]

Content descriptions

Summary, etc.:
Dani and her family follow the Anishinaabe ... Read More
Subject: Ojibwa Indians > Juvenile fiction.
Indians of North America > Juvenile fiction.
New Year > Juvenile fiction.
Spring > Juvenile fiction.
Mountaineering > Juvenile fiction.
Ojibwa Indians > Fiction.
Indians of North America > Fiction.
New Year > Fiction.
Spring > Fiction.
Mountaineering > Fiction.
Genre: Picture books.
LDR 02600cam a22006378i 4500
001457919
003LARL_NWRL_CONSORTIUM
00520250310110405.0
008240206t20252025nyua b 000 1 eng
010 . ‡a 2023039954
040 . ‡aDLC ‡beng ‡erda ‡cDLC ‡dYDX ‡dBDX ‡dIG# ‡dCHILD ‡dOCLCO ‡dJAS ‡dILC ‡dGO3 ‡dOCLCO
020 . ‡a9780593577851 ‡q(hardcover)
020 . ‡a059357785X ‡q(hardcover)
020 . ‡z9780593577868 ‡q(ebook)
035 . ‡a(OCoLC)1420353699
042 . ‡apcc
08200. ‡a[E] ‡223
1001 . ‡aCurtice, Kaitlin B., ‡eauthor. ‡1https://id.oclc.org/worldcat/entity/E39PCjtkpf7gBcvVWgV4mfwDMP ‡0(LARL_NWRL_CONSORTIUM)223480
24510. ‡aSpring's miracles / ‡cwritten by Kaitlin B. Curtice ; illustrated by Gloria Felix.
250 . ‡aFirst edition.
264 1. ‡aNew York : ‡bConvergent Books, ‡c[2025]
264 4. ‡c©2025
300 . ‡a1 volume (unpaged) : ‡bcolor illustrations ; ‡c23 x 29 cm
336 . ‡atext ‡btxt ‡2rdacontent
336 . ‡astill image ‡bsti ‡2rdacontent
337 . ‡aunmediated ‡bn ‡2rdamedia
338 . ‡avolume ‡bnc ‡2rdacarrier
4900 . ‡aIndigenous celebration of nature
520 . ‡aDani and her family follow the Anishinaabe tradition and celebrate spring as the new year when nature comes alive after its winter rest.
650 0. ‡aOjibwa Indians ‡vJuvenile fiction.
650 0. ‡aIndians of North America ‡vJuvenile fiction. ‡0(LARL_NWRL_CONSORTIUM)163110
650 0. ‡aNew Year ‡vJuvenile fiction.
650 0. ‡aSpring ‡vJuvenile fiction.
650 0. ‡aMountaineering ‡vJuvenile fiction.
650 1. ‡aOjibwa Indians ‡vFiction. ‡0(LARL_NWRL_CONSORTIUM)166488
650 1. ‡aIndians of North America ‡vFiction. ‡0(LARL_NWRL_CONSORTIUM)22925
650 1. ‡aNew Year ‡vFiction.
650 1. ‡aSpring ‡vFiction.
650 1. ‡aMountaineering ‡vFiction. ‡0(LARL_NWRL_CONSORTIUM)173525
655 7. ‡aPicture books. ‡2lcgft
7001 . ‡aFélix, Gloria, ‡eillustrator.
901 . ‡a457919 ‡bAUTOGEN ‡c457919 ‡tbiblio

Additional Resources